Cuestiones cruciales del ordenamiento sociolaboral

Detalles Bibliográficos
Autor principal: Quintanilla Navarro, Raquel Yolanda
Formato: eBook
Lenguaje:español
Publicado: Madrid: Dykinson, 2021
Materias:
Acceso en línea:Acceso restringido

MARC

LEADER 00000nam a22000007a 4500
005 20220719233730.0
007 cr|||| ||||
008 220719s2021 es |||||s|||| 00||0 spa d
020 |a 978-84-1122-113-9 
035 |a 36469 
040 |a vLex 
090 |c 13600  |d 13600 
100 1 |a Quintanilla Navarro, Raquel Yolanda 
245 1 0 |a Cuestiones cruciales del ordenamiento sociolaboral  |h [Recurso electrn̤ico] /  |c Raquel Yolanda Quintanilla Navarro 
256 |a Servicio en ln̕ea 
260 |a Madrid:  |b Dykinson,  |c 2021 
300 |a 1 recurso electrn̤ico 
500 |a La presente obra colectiva es resultado de la I Jornada de Investigacin̤ titulada "El Estatuto de los Trabajadores: Problemas actuales", del Grupo de Alto Rendimiento en relaciones laborales y proteccin̤ social en el Siglo XXI de la Universidad Rey Juan Carlos (URJC-LAB), Jornada celebrada el 8 de junio de 2021. Prologado por Antonio V. Sempere Navarro, Catedrt̀ico de Derecho del Trabajo y de la Seguridad Social y Magistrado de la Sala de lo Social del Tribunal Supremo, y con la colaboracin̤ de diecisiete autores, expertos en el r̀ea de conocimiento de Derecho del Trabajo y de la Seguridad Social, este libro colectivo incorpora las ponencias pronunciadas en la I Jornada mencionada, abordando en profundidad aspectos relativos a las fronteras del Derecho del Trabajo, el tiempo de trabajo, la extincin̤ del contrato de trabajo, igualdad y conciliacin̤ de la vida personal, familiar y laboral, polt̕iƯcas sociolaborales, Seguridad Social, seguridad y salud laboral, e impacto de las nuevas tecnologa̕s en el trabajo. El estudio y la reflexin̤ sobre los temas analizados pone de manifiesto el elevado interš y actualidad de la obra que el lector tiene en sus manos, dirigida tanto a profesionales del Derecho y las Relaciones Laborales, como a toda persona interesada en dichos temas. 
506 1 |a Disponible solo en los productos indicados  |d vLex Global  |d vLex Global (Academic Edition, excluding Law Schools)  |d vLex Global (U.S. Academic Edition, Law Schools)  |d vLex Global (U.S. Academic Edition, excluding Law Schools)  |d vLex Global (Academic Edition, Law Schools) 
650 0 4 |a Derecho Laboral y Seguridad Social  |z Espaą 
740 0 |a vLex Libros (Servicio en ln̕ea) 
856 4 0 |u https://app.vlex.com/#/sources/36469  |z Acceso restringido 
942 |c BOOK 
999 0 |a Labor law and social security